<?xml version="1.0" encoding="UTF-8"?>
<collection xmlns="http://www.loc.gov/MARC21/slim">
 <record>
  <leader>00854nam#a2200277#c#4500</leader>
  <controlfield tag="001">UMA-000219</controlfield>
  <controlfield tag="003">UMA</controlfield>
  <controlfield tag="005">20250519    172514</controlfield>
  <controlfield tag="008">250519suuuu####   ##########||||#0#spa#d</controlfield>
  <datafield tag="020" ind1="#" ind2="#">
   <subfield code="a">9506650314</subfield>
  </datafield>
  <datafield tag="041" ind1="0" ind2=" ">
   <subfield code="a">spa</subfield>
  </datafield>
  <datafield tag="044" ind1="#" ind2="#">
   <subfield code="a">ag</subfield>
  </datafield>
  <datafield tag="082" ind1="0" ind2="4">
   <subfield code="a">SEDE CENTRAL 636.086 WHE v.1</subfield>
  </datafield>
  <datafield tag="100" ind1="1" ind2="#">
   <subfield code="a">Wheeler, Juan Tomás</subfield>
   <subfield code="e">Autor</subfield>
  </datafield>
  <datafield tag="245" ind1="0" ind2="0">
   <subfield code="a">Fundamentos de semiología veterinaria</subfield>
   <subfield code="n">v.1</subfield>
   <subfield code="c">Juan Tomás Wheeler</subfield>
  </datafield>
  <datafield tag="264" ind1="#" ind2="0">
   <subfield code="a">Córdoba, Argentina</subfield>
   <subfield code="b">E.F.U.N.A.R.C (Editorial Fundación de la Universidad Nacional de Río Cuarto</subfield>
   <subfield code="c">1999</subfield>
  </datafield>
  <datafield tag="300" ind1="#" ind2="#">
   <subfield code="a">v.1, 171 páginas</subfield>
   <subfield code="b">Fotocopia</subfield>
  </datafield>
  <datafield tag="336" ind1="#" ind2="#">
   <subfield code="a">texto</subfield>
   <subfield code="b">txt</subfield>
   <subfield code="2">rdacontent</subfield>
  </datafield>
  <datafield tag="337" ind1="#" ind2="#">
   <subfield code="a">no mediado</subfield>
   <subfield code="b">n</subfield>
   <subfield code="2">rdamedia</subfield>
  </datafield>
  <datafield tag="338" ind1="#" ind2="#">
   <subfield code="a">volumen</subfield>
   <subfield code="b">nc</subfield>
   <subfield code="2">rdacarrier</subfield>
  </datafield>
  <datafield tag="440" ind1="#" ind2="#">
   <subfield code="a">Colección Manuales</subfield>
  </datafield>
  <datafield tag="650" ind1="#" ind2="0">
   <subfield code="a">Veterinaria</subfield>
  </datafield>
  <datafield tag="650" ind1="#" ind2="0">
   <subfield code="a">Semiología veterinaria</subfield>
  </datafield>
  <datafield tag="650" ind1="#" ind2="0">
   <subfield code="a">Diagnosis</subfield>
  </datafield>
  <datafield tag="650" ind1="#" ind2="0">
   <subfield code="a">Sede Central</subfield>
  </datafield>
  <datafield tag="655" ind1="#" ind2="0">
   <subfield code="a">Manuales</subfield>
  </datafield>
 </record>
</collection>
